000 01489cam a2200397 4500
999 _c24111
_d24111
001 vtls012152184
005 20251219143723.0
008 221018s2022 xo g 010 f slo
020 _a9788055185576
_q(viazané)
040 _aSNK
_bslo
_cSNK
_erda
041 1 _aslo
_hswe
044 _axo
_cSK
072 7 _a821.11
_xGermánske literatúry
_2konspekt
080 _a821.113.6-31
_22011
080 _a(0:82-312.4)
_22011
100 1 _aAhnhem, Stefan,
_d1966-
_4aut
_92138
240 1 0 _aDen sista spiken
_lSlovensky
245 1 0 _aPosledný klinec
_cStefan Ahnhem ; preložila Jana Melichárková
246 1 _iObálkový podnázov:
_aZlo si nájde cestu všade
264 1 _aBratislava
_bIkar
_c2022
300 _a399 strán
_c24 cm
336 _atext
_btxt
_2rdacontent
337 _abez média
_bn
_2rdamedia
338 _azväzok
_bnc
_2rdacarrier
500 _aPreložené zo švédčiny
500 _aObsahuje stručné profesijné údaje o autorovi na záložke prebalu publikácie
500 _aNa obálke pod názvom: Voľné pokračovanie bestsellerov Obeť bez tváre, Deviaty hrob, 18 pod nulou, Motív X a X spôsobov ako zomrieť
655 7 _ašvédske romány
_2SNKPH
_91715
655 7 _adetektívne romány
_2SNKPH
_91710
655 7 _aSwedish fiction
_2SNKPHeng
_91716
655 7 _aDetective novels
_2SNKPHeng
_91711
700 1 _aMelichárková, Jana
_c(prekladateľka)
_4trl
_92527
958 _aLX
958 _aUP